000 01020cam a2200265 i 4500
001 59018
005 20191004132004.0
008 140415s2006 mx r 000 0 spa d
020 _a9688639958
040 _aMX-PuUPA
_bspa
_erda
_cMx-PuUPA
_dMx-PuUPA
041 0 _aspa
082 0 _a304.873072
_bBOR
100 1 _aBorisovna, Liudmila,
_eautor
_93200
245 1 0 _aTestimonios de migración :
_bTianguistenco, Huejotzingo, Puebla, 2001 /
_cLudmila Borisovna Biriukova, Ricardo Téllez Girón López.
264 1 _aPuebla, Pue. :
_bInstituto de Ciencias Sociales y Humanidades "Alfonso Vélez Pliego",
_c2006
300 _a29 páginas ;
_c24 cm.
336 _atexto
_2rdacontent
337 _asin mediación
_2rdamedia
338 _avolumen
_2rdacarrier
650 4 _aMexicanos
_zEstados Unidos
651 4 _aMéxico
_xEmigración e inmigración
651 4 _aEstados Unidos
_xEmigración e inmigración
700 1 _aTéllez Girón López, Ricardo,
_eautor
_96152
999 _c59018
_d59018
942 _h304.873072
_iBOR
_cLI